Statistics for 1-25 Kit Number FC Barcelona Players Quiz

Click here to take the quiz!

General Stats

  • This quiz has been taken 203 times
  • The average score is 11 of 26

Answer Stats

Number#Answer% Correct
10Lionel Messi
91%
9Luis Suarez
86%
1Marc-Andre ter Stegen
80%
3Gerard Pique
78%
8Andres Iniesta
75%
18Jordi Alba
67%
5Sergio Busquets
67%
11Neymar Jr.
61%
4Ivan Rakitic
58%
20Sergi Roberto
58%
ManagerLuis Enrique
56%
23Samuel Umtiti
46%
14Javier Mascherano
45%
7Arda Turan
32%
21Andre Gomes
30%
12Rafinha Alcantara
30%
6Denis Suarez
29%
13Jasper Cillessen
28%
17Paco Alcacer
23%
22Aleix Vidal
22%
19Lucas Digne
20%
24Jeremy Mathieu
19%
25Jordi Masip
11%
2None
4%
15None
4%
16None
4%

Score Distribution

Percentile by Number Answered

Percent of People with Each Score

Your Score History

You have not taken this quiz